[Event "Huanuco Navidad op 1st"]
[Site "Huanuco"]
[Date "2019.12.22"]
[Round "6"]
[White "Garcia Amiquero, Manuel"]
[Black "Cornelio Argumedo, Pedro Alfredo"]
[Result "1/2-1/2"]
[WhiteElo "1880"]
[BlackElo "1887"]
[PlyCount "58"]
[EventDate "2019.12.21"]
[EventType "swiss"]
[EventRounds "6"]
[EventCountry "PER"]
[SourceTitle "CBM 194 Extra"]
[Source "ChessBase"]
[SourceDate "2020.03.31"]
[SourceVersion "1"]
[SourceVersionDate "2020.03.31"]
[SourceQuality "1"]

1. d4 Nf6 2. Nf3 g6 3. Nc3 d5 4. Bf4 Bg7 5. Ne5 c5 6. e3 0-0 7. Be2 cxd4 8. exd4 Qb6 9. Rb1 Nc6 10. Be3 Rd8 11. Nxc6 Qxc6 12. 0-0 Bf5 13. g4 Be6 14. f3 h5 15. h3 a6 16. Qd2 b5 17. a3 Rac8 18. Bf4 hxg4 19. hxg4 Ne8 20. Kg2 Qb6 21. Be3 Nd6 22. Rbd1 f5 23. Bh6 Nf7 24. Bxg7 Kxg7 25. Rh1 Qd6 26. Rdg1 Rh8 27. gxf5 Rxh1 28. Rxh1 Bxf5 29. Bd3 Bxd3 1/2-1/2

[Event "Huanuco Navidad op 1st"]
[Site "Huanuco"]
[Date "2019.12.21"]
[Round "3"]
[White "Cornelio Argumedo, Pedro Alfredo"]
[Black "Sanes, Vladimir"]
[Result "1-0"]
[WhiteElo "1887"]
[BlackElo "2134"]
[PlyCount "89"]
[EventDate "2019.12.21"]
[EventType "swiss"]
[EventRounds "6"]
[EventCountry "PER"]
[SourceTitle "CBM 194 Extra"]
[Source "ChessBase"]
[SourceDate "2020.03.31"]
[SourceVersion "1"]
[SourceVersionDate "2020.03.31"]
[SourceQuality "1"]

1. d4 Nf6 2. Bf4 g6 3. Nc3 Bg7 4. e4 d6 5. Qd2 h5 6. 0-0-0 a6 7. Qe1 0-0 8. Nf3 e6 9. Bg5 Qe8 10. e5 Nh7 11. Bf4 Qe7 12. Qe3 Nc6 13. Ne4 Rd8 14. Be2 b6 15. Nfg5 dxe5 16. dxe5 Rxd1+ 17. Rxd1 Nf8 18. Qc3 Nb4 19. Bc4 Bb7 20. Nf6+ Bxf6 21. exf6 Qc5 22. Be3 Qa5 23. a3 Nd5 24. Qxa5 bxa5 25. Bd4 Nd7 26. Bxd5 Bxd5 27. f3 a4 28. Bc3 Bc6 29. g4 hxg4 30. fxg4 e5 31. Ne4 Re8 32. g5 Nf8 33. Nc5 Bb5 34. Re1 Nd7 35. Nxd7 Bxd7 36. Rxe5 Rc8 37. Rc5 Bf5 38. Rc4 Bd7 39. Be5 Bb5 40. Rxc7 Rxc7 41. Bxc7 Kf8 42. Kd2 Ke8 43. Kc3 Kd7 44. Bf4 Ke6 45. h4 1-0